Die Young Lyrics - Kesha - Statistics

General Stats
  • This quiz has been taken 114 times
  • The average score is 290 of 384
Answer Stats
Lyrics % Correct
you
99%
(you
99%
die
95%
I
95%
the
95%
young
94%
Young
94%
a
93%
of
92%
to
92%
your
91%
Let's
90%
we
90%
Like
88%
like
88%
my
88%
So
88%
that
88%
That
88%
gonna
86%
hear
86%
in
86%
night
86%
some
86%
we're
86%
We're
86%
make
85%
beat
84%
heart
84%
here
84%
Oh
84%
what
83%
came
82%
shame
82%
most
81%
with
81%
drums
80%
someone
80%
me,
77%
me
77%
arms
76%
you're
76%
while
66%
it
60%
it's
59%
It's
59%
(for
53%
for
53%
last
52%
our
52%
lives
51%
lookin'
51%
got
50%
I'll
50%
show
49%
Wild
49%
wild
49%
know)
48%
til
47%
'til
47%
out
45%
tonight
45%
Take
44%
take
44%
We'll
44%
dancing
43%
magic
43%
side
43%
hand,
42%
Looking
42%
trouble
42%
good
41%
keep
41%
just
39%
(yeah)
39%
blush
38%
making
38%
should
38%
can
36%
pants,
35%
crush
34%
Livin'
34%
sure)
34%
time
34%
up
34%
up,
34%
when
34%
hearts,
32%
you've
32%
all
31%
Don't
31%
minds
31%
obvious
31%
pretty
31%
give
30%
nobody
28%
watching
28%
care
27%
down
26%
hard
26%
Kiss
26%
touch
26%
dirty
25%
Music
25%
outta
25%
socks
25%
shots
24%
child's,
23%
gettin'
23%
hot
23%
tearing
23%
Runnin'
22%
taking
22%
whose
18%
Stripping
17%
hunks,
8%
No matching quizzes found
Score Distribution
Percent of People with Each Score
Percentile by Number Answered
Your Score History
You have not taken this quiz